| 000 | 00393nam a2200157Ia 4500 | ||
|---|---|---|---|
| 008 | 210716s2011 xx 000 0 und d | ||
| 020 | _a9788173716768 | ||
| 041 | _aeng | ||
| 082 | _a005.41 SARC | ||
| 100 | _aSarma, C R. | ||
| 245 | _aEmbedded systems engineering. | ||
| 250 | _a1 | ||
| 260 |
_aHyderabad _bUniversities Press _c2011 |
||
| 300 | _aviii199 | ||
| 650 | _aEmbedded Programming | ||
| 999 |
_c193342 _d193342 |
||